ISO 9001: 2000 (Record no. 103159)
[ view plain ]
| 000 -LEADER | |
|---|---|
| fixed length control field | 01253cam a2200241 4500 |
| 008 - FIXED-LENGTH DATA ELEMENTS--GENERAL INFORMATION | |
| fixed length control field | 031029n2003 000 0 eng u |
| 020 ## - INTERNATIONAL STANDARD BOOK NUMBER | |
| International Standard Book Number | 0750649496 |
| 035 ## - SYSTEM CONTROL NUMBER | |
| System control number | (Sirsi) u124129 |
| 041 ## - LANGUAGE CODE | |
| Language code of text/sound track or separate title | eng |
| 050 ## - LIBRARY OF CONGRESS CALL NUMBER | |
| Classification number | 658.562 |
| -- | 18 |
| 100 ## - MAIN ENTRY--PERSONAL NAME | |
| Personal name | Dobb, F. P. |
| 245 ## - TITLE STATEMENT | |
| Title | ISO 9001: 2000 |
| Remainder of title | quality registration step-by-step |
| 250 ## - EDITION STATEMENT | |
| Edition statement | 3rd ed. |
| 260 ## - PUBLICATION, DISTRIBUTION, ETC. | |
| Place of publication, distribution, etc. | Oxford |
| Name of publisher, distributor, etc. | Elsevier Butterworth-Heinemann |
| Date of publication, distribution, etc. | 2003 |
| 300 ## - PHYSICAL DESCRIPTION | |
| Extent | 281p. |
| Dimensions | 30cm. |
| 350 ## - PRICE (NR) (BK AM CF MU VM SE) [OBSOLETE] | |
| Price | 29.99 |
| 520 ## - SUMMARY, ETC. | |
| Summary, etc. | This practical manual provides detailed steps on successfully achieving or upgrading to ISO 9001: 2000 "Quality management systems: requirements". Explains the fundamentals of quality, the reasons for it and the practicalities of gaining or updating ISO 9001 registration. Includes notes on writing the quality policy manual and operating procedures and training internal auditors. Also looks at the role of the quality assurance manager and the relationship between ISO 9000 and total quality management. Appendices include useful contacts, definitions, a draft quality manual, and a draft model to prepare operating procedures. |
| 650 ## - SUBJECT ADDED ENTRY--TOPICAL TERM | |
| Topical term or geographic name entry element | QUALITY MANAGEMENT SYSTEMS |
| 650 ## - SUBJECT ADDED ENTRY--TOPICAL TERM | |
| Topical term or geographic name entry element | QUALITY ASSURANCE |
| 650 ## - SUBJECT ADDED ENTRY--TOPICAL TERM | |
| Topical term or geographic name entry element | ISO 9001: 2000 |
| 690 ## - LOCAL SUBJECT ADDED ENTRY--TOPICAL TERM (OCLC, RLIN) | |
| Topical term or geographic name as entry element | QUALITY ASSURANCE |
| 942 ## - ADDED ENTRY ELEMENTS (KOHA) | |
| Suppress in OPAC | 0 |
| Withdrawn status | Lost status | Source of classification or shelving scheme | Damaged status | Not for loan | Home library | Current library | Shelving location | Date acquired | Cost, normal purchase price | Total Checkouts | Full call number | Barcode | Date last seen | Date last checked out | Copy number | Cost, replacement price | Price effective from | Koha item type |
|---|---|---|---|---|---|---|---|---|---|---|---|---|---|---|---|---|---|---|
| Other/Generic Classification Scheme | London | London | Folio | 10/11/2003 | 29.99 | 13 | F658.562 DOB | 30067901 | 04/09/2024 | 03/09/2009 | 1 | 29.99 | 06/08/2019 | Book |